| 000 | 00547nam a2200205 i 4500 | ||
|---|---|---|---|
| 001 | 52048 | ||
| 003 | ES-MaACL | ||
| 005 | 20250814015820.0 | ||
| 007 | t| | ||
| 008 | 030825s1911 fr ||||1| fre d | ||
| 080 | _a58 | ||
| 100 | 1 |
_aChodat, R. _938585 |
|
| 245 | 1 | 0 |
_aPrincipes de botanique / _cpar R. Chodat. |
| 250 | _a2eme ed. rev. et aug. | ||
| 260 |
_aParis : _bJ.B. Baillière et Fils, _c1911. |
||
| 300 |
_aX, 842 p. : _bil. ; _c24 cm. |
||
| 650 | 7 |
_aBotánica _2embne _910610 |
|
| 852 | 4 |
_aES-MaACL _jD-566 |
|
| 999 |
_c52048 _d52048 |
||